| 000 | 00483nam a2200157 a 4500 | ||
|---|---|---|---|
| 005 | 20210223120514.0 | ||
| 008 | 991125s1949 ea 000 0 eng u | ||
| 035 | _aUPN01000002464 | ||
| 049 | _aCG | ||
| 050 | 4 |
_aLB3218 _bA4.3 |
|
| 245 | 0 | 0 |
_aAmerican school buildings : _btwenty-seventh yearbook. |
| 260 |
_aWashington : _bAmerican Association of School Administration, _c1949. |
||
| 300 |
_a525 p. : _bil. |
||
| 650 | 4 |
_aESCUELAS - _xEDIFICIOS - _zESTADOS UNIDOS _921680 |
|
| 905 | _aLibro | ||
| 999 |
_c2464 _d2464 |
||